| 000 | 00624nam a2200217 a 4500 | ||
|---|---|---|---|
| 008 | |||
| 020 | _a3800947099 (pbk.) | ||
| 020 | _a0855015098 (pbk.) | ||
| 049 | _aMAIN | ||
| 090 | _aTK275 LAN | ||
| 100 | 1 | _aLang, G. Johannes. | |
| 245 | 1 | 0 |
_aCurrent, voltage and resistance / _cJohannes G. Lang. |
| 260 |
_aBerlin : _bSiemens Aktiengesellschaft, _c1979. |
||
| 300 |
_a71 p. : _bill. ; _c21 cm. |
||
| 490 |
_aProgrammed instruction _vno.09. |
||
| 907 |
_a.b10233088 _b20-02-07 _c19-02-07 |
||
| 003 | |||
| 005 | 20230123134403.0 | ||
| 040 | _cNUST | ||
| 942 |
_cBOOKS _kTK275 LAN |
||
| 999 |
_c165018 _d165018 |
||